| 000 | 01801cam a22003497i 4500 | ||
|---|---|---|---|
| 001 | 14882823 | ||
| 003 | EG-ScBUE | ||
| 005 | 20260311100456.0 | ||
| 008 | 070607r20092007enka f b 001 0 eng d | ||
| 020 | _a9780470516348 (cloth) | ||
| 035 | _a(OCoLC)ocn144330936 | ||
| 035 | _a(OCoLC)144330936 | ||
| 040 |
_aEG-ScBUE _beng _erda _cEG-ScBUE _dEG-ScBUE |
||
| 082 | 0 | 4 |
_a572.36 _bWAT _222 |
| 100 | 1 |
_aWatson, J. Throck, _923035 _eauthor. |
|
| 245 | 1 | 0 |
_aIntroduction to mass spectrometry : _binstrumentation, applications and strategies for data interpretation / _cJ. Throck Watson, Professor of Biochemistry and of Chemistry Michigan State University, East Lansing, Michigan, O. David Sparkman, Adjunct Professor of Chemistry, College of the Pacific, University of the Pacific, Stockton, California. |
| 250 | _aFourth edition. | ||
| 250 | _aReprinted edition. | ||
| 264 | 1 |
_aChichester, England : _bJohn Wiley & Sons, Ltd, _c2009. |
|
| 300 |
_axxiv, 819 pages : _billustrations ; _c26 cm |
||
| 336 |
_2rdacontent _atext _btxt |
||
| 337 |
_aunmediated _2rdamedia _bn |
||
| 338 |
_avolume _bnc _2rdacarrier |
||
| 504 | _aIncludes bibliographic references and index. | ||
| 505 | 0 | _aIntroduction -- The mass spectrometer -- Mass spectrometry/mass spectrometry -- Inlet systems -- Strategies for data interpretation (other than fragmentation) -- Electron ionization -- Chemical ionization -- Electrospray ionization -- MALDI -- Gas chromatography/mass spectrometry -- Liquid chromatography/mass spectrometry -- Analysis of proteins and other biopolymers. | |
| 650 | 7 |
_aMass spectrometry. _923036 _2BUEsh |
|
| 650 | 7 |
_aBiomolecules _xAnalysis. _923037 _2BUEsh |
|
| 653 | _cApril2011 | ||
| 655 | _vReading book | ||
| 700 | 1 |
_aSparkman, O. David _q(Orrin David), _d1942- _923038 _eauthor. |
|
| 942 |
_2ddc _cBB |
||
| 999 |
_c15107 _d15107 |
||